000
00300nam a22001337a 4500
008
170814b xxu||||| |||| 00| 0 eng d
020
_a
9780495484936
041
_a
eng
080
_a
51
100
_a
36
101
_a
MAT
245
_a
TECHNICAL MATHEMATICS: MATH 135
_c
STASZKOW,R
942
_2
udc
_c
BK
999
_c
23357
_d
23357